| 000 | 01305nam a22001577a 4500 | ||
|---|---|---|---|
| 041 | _aukr | ||
| 080 | _a09 | ||
| 090 | _bХАЛ | ||
| 100 | _aХаланчук Т.П. | ||
| 245 | _aПрагматичні особливості концепту кохання у творі англійського письменника Хола Кейна | ||
| 260 |
_aОстрог _bКАФ _c2009 |
||
| 300 | _a46 | ||
| 520 |
_aВСТУП
РОЗДІЛ 1 СУЧАСНІ ПІДХОДИ ДО ВИВЧЕННЯ ПРАГМАТИКИ КОХАННЯ
1.1 Прагматика та мовленнєві акти як феномен спілкування.
1.2 Сучасні підходи до вивчення концепту.
1.3 Дискурс, як елемент спілкування закоханих.
РОЗДІЛ 2 ПОНЯТТЯ КОНЦЕПТУ ЛЮБОВІ У ТВОРІ ХОЛА КЕЙНА
2.1 Мовленнєві акти що використовуються для вираження концепту любові.
2.2 Лексико-стилістичні прийоми вираження концепту любові у художньому тексті.
ВИСНОВКИ _0прагматика кохання, концепт любові,Хол Кейн |
||
| 650 | _aResearch Papers | ||
| 999 |
_c284161 _d284161 |
||
| 942 | _cBK | ||